[Event "Junior Online 4NCL Division 5"]
[Site "online"]
[Date "2020.05.07"]
[Round "4.217"]
[White "Babu, Guhan"]
[Black "Winser, Frederick"]
[Result "0-1"]
[WhiteElo "1105"]
[BlackElo "947"]
[PlyCount "114"]
[EventDate "2020.05.07"]
[WhiteTeam "Robin Hoods 5"]
[BlackTeam "Manchester Juniors C"]

1. e4 Nf6 2. Nc3 e5 3. Bc4 Nc6 4. Nf3 Bc5 5. d3 O-O 6. Bg5 h6 7. Nd5 hxg5 8.
Nxg5 Nxd5 9. Bxd5 Qxg5 10. O-O Nb4 11. a3 Nxd5 12. exd5 d6 13. b4 Bh3 14. Qf3
Bd4 15. Rae1 Bg4 16. Qg3 f5 17. h3 f4 18. Qxg4 Qxg4 19. hxg4 Kf7 20. Rc1 Rh8
21. c3 Bb6 22. d4 exd4 23. cxd4 Rh7 24. f3 Bxd4+ 25. Rf2 Rah8 26. Rxc7+ Kf6 27.
Kf1 Bxf2 28. Kxf2 g5 29. Rc4 b5 30. Rc6 Ke5 31. Rc2 Kxd5 32. Rd2+ Kc6 33. Rc2+
Kb6 34. Rd2 Rd8 35. Rd5 Rg7 36. g3 fxg3+ 37. Kxg3 Kc6 38. Rd2 d5 39. Rc2+ Kb6
40. Rc5 d4 41. Rf5 d3 42. Rf6+ Kb7 43. Rh6 d2 44. Rh1 d1=Q 45. Rxd1 Rxd1 46.
Kf2 Rd3 47. Kg3 Rxa3 48. Kf2 Rb3 49. Kg3 Rxb4 50. Kf2 Rf7 51. Kg3 Rb3 52. Kf2
Rbxf3+ 53. Ke2 Rh3 54. Kd2 Rf2+ 55. Ke1 Ra2 56. Kf1 Rb3 57. Ke1 Rb1# 0-1

[Event "Junior Online 4NCL Division 5"]
[Site "online"]
[Date "2020.05.07"]
[Round "4.221"]
[White "Vora, Ravi"]
[Black "Menakaya, Léon"]
[Result "1-0"]
[WhiteElo "1150"]
[BlackElo "865"]
[PlyCount "197"]
[EventDate "2020.05.07"]
[WhiteTeam "Warwickshire Bears F"]
[BlackTeam "Watford 5"]

1. e4 e5 2. Bc4 Nf6 3. Nc3 Bb4 4. a3 Bxc3 5. dxc3 O-O 6. Nf3 Nc6 7. O-O Nxe4 8.
Bd5 Nf6 9. Bxc6 dxc6 10. Qxd8 Rxd8 11. Nxe5 Re8 12. Nd3 Ng4 13. Bf4 Bf5 14.
Bxc7 Re2 15. h3 Nf6 16. Rad1 Rxc2 17. Rfe1 Bxd3 18. Rxd3 Rxb2 19. Red1 h6 20.
Rd8+ Rxd8 21. Rxd8+ Kh7 22. Be5 Rb3 23. a4 b5 24. a5 a6 25. Ra8 Rb1+ 26. Kh2
Ne4 27. f3 f6 28. Bd4 Nd2 29. Rxa6 b4 30. cxb4 Rxb4 31. Rxc6 Rxd4 32. Ra6 Ra4
33. Ra8 Nc4 34. a6 Nb6 35. Ra7 Kg6 36. g4 f5 37. Kg3 fxg4 38. hxg4 h5 39. gxh5+
Kxh5 40. f4 Kg6 41. Kg4 Kf6 42. Kf3 Ra5 43. Kg4 g6 44. Rc7 Rxa6 45. Rc6+ Kg7
46. Rc7+ Kh6 47. Rc6 Kh7 48. Rc7+ Kg8 49. Rc6 Kf7 50. Rc7+ Ke6 51. Rg7 Kf6 52.
Rc7 g5 53. fxg5+ Kg6 54. Rc6+ Kg7 55. g6 Kg8 56. Kg5 Kg7 57. Rc7+ Kf8 58. Kh6
Nd5 59. Rf7+ Ke8 60. Kh7 Nf6+ 61. Kg7 Nh5+ 62. Kh6 Nf4 63. Rxf4 Ra8 64. Re4+
Kd7 65. Rd4+ Ke6 66. Rg4 Kf6 67. Rf4+ Ke5 68. Rf7 Ke6 69. Kh7 Ra1 70. g7 Ra8
71. g8=Q Rxg8 72. Kxg8 Kd5 73. Re7 Kd6 74. Kf7 Kd5 75. Ra7 Ke5 76. Ra8 Kf5 77.
Ra7 Kg5 78. Ra8 Kg4 79. Ra7 Kf4 80. Ra4+ Kf5 81. Ra5+ Ke4 82. Ra4+ Kf5 83. Ra5+
Kg4 84. Kg6 Kf4 85. Kf6 Ke4 86. Ke6 Kf4 87. Kf6 Ke4 88. Ke6 Kf4 89. Ra4+ Kg5
90. Kf7 Kh6 91. Ra6+ Kg5 92. Ra4 Kh6 93. Rg4 Kh5 94. Rg1 Kh4 95. Kf6 Kh3 96.
Rg8 Kh4 97. Kf5 Kh3 98. Kf4 Kh4 99. Rh8# 1-0

[Event "Junior Online 4NCL Division 5"]
[Site "online"]
[Date "2020.05.07"]
[Round "4.222"]
[White "Mehta, Devina"]
[Black "Howett, Alex"]
[Result "0-1"]
[WhiteElo "887"]
[BlackElo "1142"]
[PlyCount "58"]
[EventDate "2020.05.07"]
[WhiteTeam "Watford 5"]
[BlackTeam "Warwickshire Bears F"]

1. e4 e5 2. Nf3 Nc6 3. Nc3 Nf6 4. d4 d6 5. Bb5 Bd7 6. d5 Nb4 7. Bxd7+ Qxd7 8.
Rb1 c6 9. h3 cxd5 10. exd5 Nbxd5 11. Nxd5 Qe6 12. Nc7+ Kd7 13. Nxe6 Kxe6 14.
Ng5+ Kd7 15. Nxf7 Rg8 16. Bg5 Ne4 17. Rf1 Ke6 18. Rg1 Kxf7 19. Qe2 Nxg5 20.
Qc4+ Ne6 21. Rf1 Be7 22. b4 Rac8 23. Qd3 Nf4 24. Qd5+ Nxd5 25. b5 Rxc2 26. Kd1
Rxa2 27. Re1 Rc8 28. f3 Bh4 29. Rf1 Ne3# 0-1

[Event "Junior Online 4NCL Division 5"]
[Site "online"]
[Date "2020.05.07"]
[Round "4.223"]
[White "Johal, Amraya K"]
[Black "Manoj Kumar, Arth"]
[Result "1-0"]
[WhiteElo "1075"]
[BlackElo "700"]
[PlyCount "69"]
[EventDate "2020.05.07"]
[WhiteTeam "Warwickshire Bears F"]
[BlackTeam "Watford 5"]

1. e4 e5 2. Nc3 Nf6 3. Nf3 Bc5 4. Bb5 Nc6 5. Bxc6 dxc6 6. Nxe5 Bg4 7. Nxg4 h5
8. Nxf6+ gxf6 9. O-O Bb4 10. d3 Qd6 11. Qf3 Qe5 12. Bf4 Qe6 13. Bxc7 Rc8 14.
Bf4 h4 15. h3 f5 16. a3 Bxc3 17. bxc3 Rg8 18. exf5 Qxf5 19. Rab1 b5 20. Rbe1+
Kf8 21. Bh6+ Rg7 22. Qxf5 Rc7 23. Bxg7+ Kxg7 24. Qe5+ Kg6 25. Qxc7 a5 26. Qxc6+
Kg7 27. Qxb5 a4 28. Qxa4 f5 29. Qd7+ Kh6 30. c4 Kg6 31. Re6+ Kh5 32. Qh7+ Kg5
33. Qg6+ Kf4 34. g3+ Kf3 35. Qxf5# 1-0

[Event "Junior Online 4NCL Division 5"]
[Site "online"]
[Date "2020.05.07"]
[Round "4.224"]
[White "Kalavadia, Kunal"]
[Black "Pal, Rhea"]
[Result "0-1"]
[WhiteElo "700"]
[BlackElo "985"]
[PlyCount "32"]
[EventDate "2020.05.07"]
[WhiteTeam "Watford 5"]
[BlackTeam "Warwickshire Bears F"]

1. a4 e5 2. Na3 d5 3. b3 Nf6 4. Bb2 Nc6 5. Nh3 Bc5 6. g3 Bf5 7. Ng5 O-O 8. Bg2
Qd7 9. O-O Rad8 10. c3 Rfe8 11. Rc1 h6 12. Nf3 e4 13. Ne1 Bh3 14. Bxh3 Qxh3 15.
Ng2 Ng4 16. e3 Qxh2# 0-1

[Event "Junior Online 4NCL Division 5"]
[Site "online"]
[Date "2020.05.07"]
[Round "4.225"]
[White "Menakaya, Léon"]
[Black "Vora, Ravi"]
[Result "0-1"]
[WhiteElo "865"]
[BlackElo "1150"]
[PlyCount "34"]
[EventDate "2020.05.07"]
[WhiteTeam "Watford 5"]
[BlackTeam "Warwickshire Bears F"]

1. e4 e5 2. Nf3 Nc6 3. Bb5 a6 4. Bxc6 dxc6 5. Nxe5 Qe7 6. Nf3 Qxe4+ 7. Qe2
Qxe2+ 8. Kxe2 Bf5 9. Kf1 Bxc2 10. g3 Be4 11. Kg2 O-O-O 12. Rf1 Nf6 13. Rd1 Nd7
14. d3 Bd5 15. Re1 Bb4 16. Re7 Rde8 17. Re2 Rxe2 0-1

[Event "Junior Online 4NCL Division 5"]
[Site "online"]
[Date "2020.05.07"]
[Round "4.226"]
[White "Howett, Alex"]
[Black "Mehta, Devina"]
[Result "1-0"]
[WhiteElo "1142"]
[BlackElo "887"]
[PlyCount "41"]
[EventDate "2020.05.07"]
[WhiteTeam "Warwickshire Bears F"]
[BlackTeam "Watford 5"]

1. e4 e5 2. Nf3 Nc6 3. Nc3 Nf6 4. Bc4 Bb4 5. Nb5 Rb8 6. a3 Be7 7. d3 d6 8. O-O
d5 9. Bb3 O-O 10. Nc3 Bg4 11. h3 Be6 12. Be3 d4 13. Bd2 dxc3 14. Bxc3 h5 15.
Ba4 b5 16. Bb3 Bc8 17. Nxe5 Nxe5 18. Bxe5 Nd7 19. Bd4 a6 20. Qxh5 g5 21. Qh8#
1-0

[Event "Junior Online 4NCL Division 5"]
[Site "online"]
[Date "2020.05.07"]
[Round "4.227"]
[White "Manoj Kumar, Arth"]
[Black "Johal, Amraya K"]
[Result "0-1"]
[WhiteElo "700"]
[BlackElo "1075"]
[PlyCount "22"]
[EventDate "2020.05.07"]
[WhiteTeam "Watford 5"]
[BlackTeam "Warwickshire Bears F"]

1. e4 e5 2. Bb5 Nf6 3. g4 Nxe4 4. g5 Nxg5 5. Bc4 d6 6. Qh5 g6 7. Qf3 Nxf3+ 8.
Nxf3 Bg4 9. Ke2 Qf6 10. Kd3 Qf5+ 11. Ke3 Qxf3# 0-1

[Event "Junior Online 4NCL Division 5"]
[Site "online"]
[Date "2020.05.07"]
[Round "4.228"]
[White "Pal, Rhea"]
[Black "Kalavadia, Kunal"]
[Result "0-1"]
[WhiteElo "985"]
[BlackElo "700"]
[PlyCount "146"]
[EventDate "2020.05.07"]
[WhiteTeam "Warwickshire Bears F"]
[BlackTeam "Watford 5"]

1. e4 g6 2. d4 Bg7 3. Nf3 Na6 4. Nc3 Nf6 5. Bc4 c6 6. O-O O-O 7. Bf4 d6 8. e5
dxe5 9. Bxe5 Nd7 10. Bxg7 Kxg7 11. Qd2 Nc7 12. Rfe1 Re8 13. Re2 e6 14. Rae1 Nf8
15. Re5 Qd7 16. Qg5 f6 17. Qf4 fxe5 18. Qxe5+ Kf7 19. Ng5+ Ke7 20. Qg7+ Kd8 21.
Qxd7+ Bxd7 22. Nf7+ Ke7 23. Ne5 a6 24. Re4 Rad8 25. Nf3 h5 26. Kf1 Nh7 27. d5
cxd5 28. Nxd5+ Nxd5 29. Bxd5 e5 30. Rxe5+ Kf8 31. Re4 Rxe4 32. Bxe4 Bb5+ 33.
Ke1 Nf6 34. Bxg6 Rd6 35. Ng5 Rd5 36. Ne6+ Ke7 37. Nc7 Rc5 38. Nxb5 Rxb5 39. b3
a5 40. f3 h4 41. g3 hxg3 42. hxg3 Rg5 43. g4 Rxg6 44. Kf2 Nxg4+ 45. fxg4 Rxg4
46. Ke3 Rg1 47. Kd3 Ra1 48. a4 Ra3 49. Kc4 Ra2 50. c3 Ra3 51. Kb5 Rxb3+ 52.
Kxa5 Rxc3 53. Kb6 Rb3+ 54. Ka5 b6+ 55. Ka6 Kd8 56. Kb7 Kd7 57. Ka6 Kc7 58. Ka7
Ra3 59. Ka6 Rxa4+ 60. Kb5 Ra7 61. Kb4 Rb7 62. Kb3 b5 63. Kb4 Kc6 64. Kb3 b4 65.
Kb2 Kc5 66. Kb3 Rb5 67. Kb2 Kc4 68. Kc2 b3+ 69. Kb2 Rb4 70. Kc1 Kc3 71. Kb1 b2
72. Ka2 b1=Q+ 73. Ka3 Qa1# 0-1

[Event "Junior Online 4NCL Division 5"]
[Site "online"]
[Date "2020.05.07"]
[Round "4.231"]
[White "Kanodia, Ramit"]
[Black "Skailes, Kit"]
[Result "0-1"]
[WhiteElo "770"]
[BlackElo "1186"]
[PlyCount "31"]
[EventDate "2020.05.07"]
[WhiteTeam "Dundee"]
[BlackTeam "Monmouth Marauders"]

1. e4 d5 2. Nc3 d4 3. Nb1 e5 4. d3 Bb4+ 5. c3 dxc3 6. bxc3 Bc5 7. d4 exd4 8.
cxd4 Bxd4 9. Qa4+ c6 10. Bc4 Bxa1 11. Bxf7+ Kxf7 12. Qb3+ Be6 13. Qf3+ Nf6 14.
e5 Qa5+ 15. Bd2 Qxe5+ 16. Be3 0-1

[Event "Junior Online 4NCL Division 5"]
[Site "online"]
[Date "2020.05.07"]
[Round "4.233"]
[White "Baron, Alexander"]
[Black "Skailes, Robin"]
[Result "1-0"]
[WhiteElo "216"]
[BlackElo "1100"]
[PlyCount "103"]
[EventDate "2020.05.07"]
[WhiteTeam "Dundee"]
[BlackTeam "Monmouth Marauders"]

1. e4 d5 2. exd5 Nf6 3. Nc3 Nxd5 4. Nxd5 Qxd5 5. d4 e5 6. Nf3 exd4 7. Nxd4 Nc6
8. Be3 Bb4+ 9. c3 Bc5 10. Be2 Qxg2 11. Bf3 Qh3 12. Nxc6 O-O 13. Bxc5 Qe6+ 14.
Qe2 Qxe2+ 15. Bxe2 Re8 16. Nd4 b6 17. Ba3 Bh3 18. O-O-O c5 19. Bf3 Rad8 20. Nc6
Rxd1+ 21. Rxd1 h6 22. Rd8 Rxd8 23. Nxd8 g5 24. Nc6 a5 25. Ne7+ Kf8 26. Nc8 f5
27. Nxb6 Kf7 28. Bxc5 Kf6 29. Bd4+ Ke6 30. Kd2 g4 31. Bd5+ Kd6 32. f3 Bg2 33.
fxg4 Bxd5 34. Nxd5 Kxd5 35. gxf5 Kd6 36. h4 h5 37. f6 Ke6 38. c4 a4 39. a3 Kf7
40. c5 Ke8 41. c6 Kd8 42. f7 Ke7 43. c7 Kd6 44. c8=Q Kd5 45. f8=Q Ke4 46. Qfe8+
Kd5 47. Qed7+ Ke4 48. Qce8+ Kf3 49. Qdf7+ Kg4 50. Qeg8+ Kxh4 51. Qfh7 Kh3 52.
Qxh5# 1-0

[Event "Junior Online 4NCL Division 5"]
[Site "online"]
[Date "2020.05.07"]
[Round "4.235"]
[White "Skailes, Kit"]
[Black "Kanodia, Ramit"]
[Result "1-0"]
[WhiteElo "1186"]
[BlackElo "770"]
[PlyCount "39"]
[EventDate "2020.05.07"]
[WhiteTeam "Monmouth Marauders"]
[BlackTeam "Dundee"]

1. d4 d5 2. c4 e6 3. cxd5 exd5 4. Nc3 Bb4 5. a3 Ba5 6. b4 Bb6 7. Nf3 Nf6 8. Bg5
h6 9. Bxf6 Qxf6 10. e3 Bg4 11. Be2 a5 12. Nxd5 Qc6 13. e4 axb4 14. axb4 Rxa1
15. Qxa1 Bxf3 16. Bxf3 Na6 17. O-O Qg6 18. b5 Nb8 19. Qa8 O-O 20. Ne7+ 1-0

[Event "Junior Online 4NCL Division 5"]
[Site "online"]
[Date "2020.05.07"]
[Round "4.237"]
[White "Skailes, Robin"]
[Black "Baron, Alexander"]
[Result "1-0"]
[WhiteElo "1100"]
[BlackElo "216"]
[PlyCount "49"]
[EventDate "2020.05.07"]
[WhiteTeam "Monmouth Marauders"]
[BlackTeam "Dundee"]

1. d4 d5 2. Nc3 Nf6 3. Bg5 e6 4. Bxf6 gxf6 5. g3 e5 6. dxe5 fxe5 7. Nxd5 c6 8.
Ne3 Qxd1+ 9. Rxd1 Bb4+ 10. c3 Bc5 11. Bg2 Bxe3 12. fxe3 O-O 13. Nf3 f6 14. Nd2
Rd8 15. O-O Bg4 16. Bf3 Bh3 17. Rf2 Nd7 18. Ne4 Nb6 19. Nxf6+ Kf7 20. Bh5+ Kg7
21. Rxd8 Rxd8 22. Ne8+ Kg8 23. Bf7+ Kh8 24. Bd5 Nxd5 25. Rf8# 1-0

[Event "Junior Online 4NCL Division 5"]
[Site "online"]
[Date "2020.05.07"]
[Round "4.241"]
[White "Hanache, Kai"]
[Black "Murthy, Rishab"]
[Result "1-0"]
[WhiteElo "1217"]
[BlackElo "1150"]
[PlyCount "73"]
[EventDate "2020.05.07"]
[WhiteTeam "Hammersmith 3"]
[BlackTeam "Hallfield School C"]

1. e4 e5 2. Nf3 Nc6 3. d4 exd4 4. Nxd4 Nxd4 5. Qxd4 Nf6 6. e5 Ng8 7. Bc4 d6 8.
Bd5 c6 9. Bf3 Qa5+ 10. Bd2 Qxe5+ 11. Qxe5+ dxe5 12. O-O Nf6 13. Re1 Bd6 14. Bf4
Nd7 15. Bg4 O-O 16. Bxd7 exf4 17. Bxc8 Raxc8 18. Nc3 Rce8 19. Ne4 Be5 20. c3
Bf6 21. Nxf6+ gxf6 22. Rad1 Rxe1+ 23. Rxe1 Rb8 24. Re4 Rd8 25. Kf1 Rd6 26. Re7
Kf8 27. Rxb7 Rd1+ 28. Ke2 Rh1 29. Rxa7 Rxh2 30. Kf3 Rh1 31. Kxf4 Rb1 32. b3 Rc1
33. c4 Rb1 34. Kf5 Rf1 35. f3 Rf2 36. Kxf6 Rxg2 37. Ra8# 1-0

[Event "Junior Online 4NCL Division 5"]
[Site "online"]
[Date "2020.05.07"]
[Round "4.242"]
[White "Khashu, Rohan"]
[Black "Yang, Rachel"]
[Result "0-1"]
[WhiteElo "1097"]
[BlackElo "1180"]
[PlyCount "84"]
[EventDate "2020.05.07"]
[WhiteTeam "Hallfield School C"]
[BlackTeam "Hammersmith 3"]

1. e4 c5 2. Nf3 Nc6 3. Nc3 Nf6 4. Bb5 a6 5. Bxc6 bxc6 6. d3 h6 7. Be3 d6 8. Ne2
e5 9. c3 Be7 10. Qa4 Bd7 11. c4 O-O 12. Rc1 Qb6 13. Bd2 Qxb2 14. Bc3 Qb6 15.
Ba5 Qb7 16. Nc3 Rab8 17. Rb1 Qxb1+ 18. Nxb1 Rxb1+ 19. Ke2 Rxh1 20. Qb3 Bg4 21.
h3 Bxf3+ 22. gxf3 Rxh3 23. Qb6 d5 24. Qxc6 dxe4 25. fxe4 Bd8 26. Bxd8 Rxd8 27.
Qc7 Rdxd3 28. Qc8+ Kh7 29. f3 Rhxf3 30. Ke1 Rfe3+ 31. Kf2 Rxe4 32. Qf5+ g6 33.
Qxf6 Rf4+ 34. Qxf4 exf4 35. Ke2 Ra3 36. Kd2 Rxa2+ 37. Kc3 f3 38. Kd3 f2 39. Ke3
f1=Q 40. Ke4 Qxc4+ 41. Ke5 Re2+ 42. Kf6 Qf4# 0-1

[Event "Junior Online 4NCL Division 5"]
[Site "online"]
[Date "2020.05.07"]
[Round "4.243"]
[White "Singh, Simran"]
[Black "Gandhi, Preesh"]
[Result "0-1"]
[WhiteElo "1120"]
[BlackElo "947"]
[PlyCount "42"]
[EventDate "2020.05.07"]
[WhiteTeam "Hammersmith 3"]
[BlackTeam "Hallfield School C"]

1. e4 e5 2. Nf3 Nc6 3. Nc3 Nf6 4. Bc4 Nxe4 5. Nxe4 d5 6. Nc3 dxc4 7. d3 cxd3 8.
cxd3 f6 9. h3 Bb4 10. O-O Bxc3 11. bxc3 O-O 12. Nh4 f5 13. Nf3 Qf6 14. d4 e4
15. Bg5 Qg6 16. Qb3+ Rf7 17. Ne5 Nxe5 18. Be7 Nf3+ 19. Kh1 Nd2 20. Rfb1 Nxb3
21. Rxb3 Rxe7 0-1

[Event "Junior Online 4NCL Division 5"]
[Site "online"]
[Date "2020.05.07"]
[Round "4.244"]
[White "Patel, Diah Dipal"]
[Black "Ewart, Samuel"]
[Result "0-1"]
[WhiteElo "707"]
[BlackElo "925"]
[PlyCount "88"]
[EventDate "2020.05.07"]
[WhiteTeam "Hallfield School C"]
[BlackTeam "Hammersmith 3"]

1. e4 e5 2. Nf3 Nc6 3. Bc4 Bc5 4. Ng5 Qxg5 5. d3 Qxg2 6. Rf1 Bb4+ 7. c3 Bc5 8.
Qh5 g6 9. Qe2 d6 10. Nd2 Nf6 11. Nf3 Bg4 12. Bg5 Bxf3 13. Qc2 Ng4 14. d4 exd4
15. Kd2 Bxe4 16. Bd3 Bxd3 17. Qxd3 Nge5 18. Qe2 Qxg5+ 19. f4 Qf5 20. fxe5 Qxe5
21. Qf2 dxc3+ 22. bxc3 Bxf2 23. Rxf2 Qd5+ 24. Kc2 Qc5 25. Re2+ Kd7 26. Rae1
Nd4+ 27. Kd2 Nxe2 28. Rxe2 Rhe8 29. Rg2 Qe3+ 30. Kd1 Qe1+ 31. Kc2 Re2+ 32. Rxe2
Qxe2+ 33. Kb3 a5 34. a4 b5 35. c4 bxc4+ 36. Kc3 Qe3+ 37. Kxc4 Qc5+ 38. Kd3 Qd5+
39. Kc3 f5 40. Kc2 Rb8 41. Kc3 Qc5+ 42. Kd3 Rb3+ 43. Ke2 Qc2+ 44. Ke1 Rb1# 0-1

[Event "Junior Online 4NCL Division 5"]
[Site "online"]
[Date "2020.05.07"]
[Round "4.245"]
[White "Murthy, Rishab"]
[Black "Hanache, Kai"]
[Result "0-1"]
[WhiteElo "1150"]
[BlackElo "1217"]
[PlyCount "22"]
[EventDate "2020.05.07"]
[WhiteTeam "Hallfield School C"]
[BlackTeam "Hammersmith 3"]

1. d4 Nf6 2. Nc3 d5 3. Bf4 e6 4. Nb5 Na6 5. Qd2 c6 6. Nc3 Bb4 7. a3 Qa5 8.
O-O-O O-O 9. axb4 Nxb4 10. Bd6 Qa1+ 11. Nb1 Na2# 0-1

[Event "Junior Online 4NCL Division 5"]
[Site "online"]
[Date "2020.05.07"]
[Round "4.246"]
[White "Yang, Rachel"]
[Black "Khashu, Rohan"]
[Result "1-0"]
[WhiteElo "1180"]
[BlackElo "1097"]
[PlyCount "81"]
[EventDate "2020.05.07"]
[WhiteTeam "Hammersmith 3"]
[BlackTeam "Hallfield School C"]

1. e4 e5 2. Nf3 Nc6 3. Bb5 a6 4. Ba4 b5 5. Bb3 Na5 6. Nxe5 Nxb3 7. axb3 Qe7 8.
d4 Bb7 9. Nc3 d6 10. Nf3 Bxe4 11. Nxe4 Qxe4+ 12. Be3 Qg4 13. O-O Rd8 14. h3 Qg6
15. Bg5 Rd7 16. Re1+ Be7 17. Bxe7 Nxe7 18. Rxa6 f6 19. Ra8+ Rd8 20. Qe2 O-O 21.
Rxd8 Rxd8 22. Qxe7 Re8 23. Qxe8+ Qxe8 24. Rxe8+ Kf7 25. Rb8 d5 26. Rxb5 c6 27.
Rb7+ Ke8 28. Rxg7 Kf8 29. Rxh7 Kg8 30. Rc7 f5 31. Rxc6 f4 32. b4 Kf7 33. b5 Ke8
34. b6 Kd7 35. Rc3 Kd8 36. b7 Kd7 37. b8=Q Ke7 38. Rc7+ Kf6 39. Qb6+ Kf5 40.
Nh4+ Ke4 41. Re7# 1-0

[Event "Junior Online 4NCL Division 5"]
[Site "online"]
[Date "2020.05.07"]
[Round "4.247"]
[White "Gandhi, Preesh"]
[Black "Singh, Simran"]
[Result "0-1"]
[WhiteElo "947"]
[BlackElo "1120"]
[PlyCount "120"]
[EventDate "2020.05.07"]
[WhiteTeam "Hallfield School C"]
[BlackTeam "Hammersmith 3"]

1. Nf3 Nc6 2. d4 d5 3. Nc3 Nf6 4. Bf4 Bf5 5. Nb5 Rc8 6. Qd2 e6 7. O-O-O Bb4 8.
Nc3 Ne4 9. Qe3 Bxc3 10. bxc3 O-O 11. Ng5 Nxg5 12. Bxg5 Qe8 13. Qg3 Kh8 14. e3
Ne7 15. Qe5 Rg8 16. Bd3 Bxd3 17. Rxd3 Ng6 18. Qg3 h6 19. Bf4 Qe7 20. f3 Qa3+
21. Kb1 Nxf4 22. Qxf4 Qa6 23. Qxf7 Rge8 24. e4 dxe4 25. fxe4 Rcd8 26. Rg3 Rg8
27. Qxc7 Qb5+ 28. Kc1 Qe2 29. Rxg7 Rxg7 30. Qxd8+ Rg8 31. Qf6+ Kh7 32. Qxe6
Qxg2 33. Qf5+ Kh8 34. Rf1 Qg5+ 35. Kb2 Qxf5 36. Rxf5 Rg2 37. e5 Rxh2 38. e6 Re2
39. Re5 Rxe5 40. dxe5 Kg8 41. e7 Kf7 42. Kb3 Kxe7 43. Kc4 Ke6 44. Kd4 h5 45.
Ke4 h4 46. Kf3 h3 47. Kg3 h2 48. Kxh2 Kxe5 49. Kg2 Ke4 50. Kf2 Kd5 51. Ke2 Kc4
52. Kd2 b5 53. a3 a5 54. Kc1 Kxc3 55. Kb1 b4 56. axb4 axb4 57. Kc1 b3 58. Kb1
bxc2+ 59. Kc1 Kd3 60. Kb2 Kd2 0-1

[Event "Junior Online 4NCL Division 5"]
[Site "online"]
[Date "2020.05.07"]
[Round "4.248"]
[White "Ewart, Samuel"]
[Black "Patel, Diah Dipal"]
[Result "0-1"]
[WhiteElo "925"]
[BlackElo "707"]
[PlyCount "56"]
[EventDate "2020.05.07"]
[WhiteTeam "Hammersmith 3"]
[BlackTeam "Hallfield School C"]

1. e4 e5 2. Bc4 Nf6 3. Nc3 Bc5 4. Nf3 O-O 5. d4 exd4 6. Nxd4 d6 7. Nf3 Ng4 8.
Be3 Bxe3 9. fxe3 Nxe3 10. Qd4 Nxc2+ 11. Kd2 Nxd4 12. Kd3 Ndc6 13. Ba6 bxa6 14.
Nb5 axb5 15. b3 Nb4+ 16. Kc3 N4a6 17. Rad1 Bg4 18. h3 Bxf3 19. gxf3 Nc6 20.
Rxd6 Qxd6 21. Re1 Qd4+ 22. Kc2 b4 23. Rd1 Qc3+ 24. Kb1 Rfd8 25. Rxd8+ Rxd8 26.
a4 Qxf3 27. Ka1 Qf2 28. Kb1 Rd1# 0-1

[Event "Junior Online 4NCL Division 5"]
[Site "online"]
[Date "2020.05.07"]
[Round "4.251"]
[White "Sapsford, Oliver"]
[Black "Bhargava, Aarav"]
[Result "1-0"]
[WhiteElo "1359"]
[BlackElo "820"]
[PlyCount "61"]
[EventDate "2020.05.07"]
[WhiteTeam "Entangled States"]
[BlackTeam "Uxbridge Juniors C"]

1. e4 e5 2. Nf3 f5 3. Nc3 fxe4 4. Nxe4 Nf6 5. Neg5 h6 6. Nh3 Bc5 7. Qe2 Bb4 8.
Qxe5+ Kf8 9. Bd3 Bd6 10. Qe2 Nc6 11. O-O Ng4 12. Qe4 Nce5 13. Nxe5 Bxe5 14.
Qxg4 Qf6 15. Qb4+ d6 16. Be4 Bxh3 17. gxh3 Qf4 18. Re1 Qxh2+ 19. Kf1 Qxh3+ 20.
Bg2 Qh2 21. d4 Bf6 22. d5 c6 23. Bf4 Re8 24. Bxh2 Rxe1+ 25. Rxe1 g5 26. Qxd6+
Kg7 27. Be5 Bxe5 28. Qxe5+ Kg6 29. Qe6+ Kh5 30. Qf7+ Kg4 31. Re4# 1-0

[Event "Junior Online 4NCL Division 5"]
[Site "online"]
[Date "2020.05.07"]
[Round "4.252"]
[White "Emanuel, Jason"]
[Black "Watkins, Gabby"]
[Result "0-1"]
[WhiteElo "737"]
[BlackElo "1045"]
[PlyCount "72"]
[EventDate "2020.05.07"]
[WhiteTeam "Uxbridge Juniors C"]
[BlackTeam "Entangled States"]

1. e4 c6 2. d4 d5 3. Nf3 dxe4 4. Ne5 Nd7 5. Ng4 Ngf6 6. h3 e6 7. Bg5 Qa5+ 8.
Qd2 Qxd2+ 9. Kxd2 Be7 10. Bc4 O-O 11. Nc3 b5 12. Nxb5 cxb5 13. Bxb5 Nd5 14.
Bxe7 Nxe7 15. a4 Rd8 16. Ra3 a6 17. Re3 axb5 18. axb5 Bb7 19. b3 f5 20. c3 fxg4
21. d5 exd5 22. c4 dxc4 23. bxc4 Nc5+ 24. Kc3 Rd3+ 25. Rxd3 exd3 26. Kd4 Ne4
27. Kxd3 Nxf2+ 28. Kd4 Nxh1 29. hxg4 Bxg2 30. c5 Ra4+ 31. Ke5 Rc4 32. c6 Bxc6
33. bxc6 Rxc6 34. Kd4 Rg6 35. Ke5 Rxg4 36. Kd6 h5 0-1

[Event "Junior Online 4NCL Division 5"]
[Site "online"]
[Date "2020.05.07"]
[Round "4.253"]
[White "Rathkey, Nia"]
[Black "Sundararaju, Ritvik"]
[Result "1-0"]
[WhiteElo "963"]
[BlackElo "737"]
[PlyCount "77"]
[EventDate "2020.05.07"]
[WhiteTeam "Entangled States"]
[BlackTeam "Uxbridge Juniors C"]

1. e4 e5 2. Nf3 Bd6 3. Nc3 Nc6 4. d3 Nf6 5. Bd2 Ng4 6. Ng5 Rf8 7. Qxg4 f5 8.
Qh5+ Ke7 9. Qxh7 Rf7 10. Nxf7 Qf8 11. Qxf5 Qxf7 12. Qxf7+ Kxf7 13. O-O-O Nb4
14. Kb1 Nxd3 15. Bxd3 Ke8 16. h4 Bf8 17. Rh3 g5 18. hxg5 Bg7 19. Rh7 Bf8 20.
Rh8 a6 21. g6 Ke7 22. Rh7+ Kf6 23. Bh6 Kxg6 24. Rh8 Kf7 25. Bxf8 a5 26. Rdh1
Ra6 27. Bb5 Rd6 28. R1h7+ Kf6 29. Bxd6 cxd6 30. Rh5 b6 31. R8h6+ Kf7 32. Bc4+
Ke7 33. Rg6 Bb7 34. Rh7+ Kd8 35. Rgg7 Bc8 36. Ba6 Bxa6 37. Rxd7+ Kc8 38. Rdf7
Kd8 39. Rh8# 1-0

[Event "Junior Online 4NCL Division 5"]
[Site "online"]
[Date "2020.05.07"]
[Round "4.254"]
[White "Chopra, Raashi"]
[Black "Siddall, George"]
[Result "0-1"]
[WhiteElo "700"]
[BlackElo "651"]
[PlyCount "58"]
[EventDate "2020.05.07"]
[WhiteTeam "Uxbridge Juniors C"]
[BlackTeam "Entangled States"]

1. e4 e5 2. d3 Bc5 3. Nf3 Nc6 4. Nc3 h6 5. Bd2 Nf6 6. Nb5 a6 7. Na3 Bxa3 8.
bxa3 Rb8 9. c3 b5 10. c4 b4 11. axb4 Nxb4 12. Qb1 Nxd3+ 13. Bxd3 Rxb1+ 14. Rxb1
O-O 15. O-O d6 16. Rb3 Bg4 17. Ne1 Nh5 18. f3 Be6 19. g3 Bh3 20. Rf2 Qd7 21. f4
exf4 22. g4 Qxg4+ 23. Kh1 Re8 24. Be2 Qg5 25. Nd3 Rxe4 26. Bf1 Bxf1 27. Rxf1
Qh4 28. Be1 Qh3 29. Nb4 Qxf1# 0-1

[Event "Junior Online 4NCL Division 5"]
[Site "online"]
[Date "2020.05.07"]
[Round "4.255"]
[White "Bhargava, Aarav"]
[Black "Sapsford, Oliver"]
[Result "0-1"]
[WhiteElo "820"]
[BlackElo "1359"]
[PlyCount "47"]
[EventDate "2020.05.07"]
[WhiteTeam "Uxbridge Juniors C"]
[BlackTeam "Entangled States"]

1. e4 e6 2. Nf3 d5 3. Nc3 Nf6 4. Bb5+ Bd7 5. Bd3 c5 6. O-O Nc6 7. exd5 exd5 8.
Qe2+ Be7 9. b3 O-O 10. Ng5 Bd6 11. Bxh7+ Nxh7 12. Nxh7 Kxh7 13. Qh5+ Kg8 14.
Re1 Qf6 15. Re3 Rfe8 16. g3 Rxe3 17. fxe3 Re8 18. d4 cxd4 19. exd4 Nxd4 20. Be3
Rxe3 21. Nxd5 Qf5 22. Nxe3 Qxh5 23. Nd5 Nf3+ 24. Kg2 0-1

[Event "Junior Online 4NCL Division 5"]
[Site "online"]
[Date "2020.05.07"]
[Round "4"]
[White "Watkins, Gabby"]
[Black "Emanuel, Jason"]
[Result "1-0"]
[WhiteElo "1045"]
[BlackElo "737"]
[PlyCount "63"]
[EventDate "2020.05.07"]
[WhiteTeam "Entangled States"]
[BlackTeam "Uxbridge Juniors C"]

1. c4 e5 2. g3 Bc5 3. Bg2 Nh6 4. e3 g5 5. d4 exd4 6. exd4 Bxd4 7. Qxd4 Rg8 8.
Qe4+ Kf8 9. Qxh7 Rg7 10. Qxh6 d6 11. Qh8+ Ke7 12. Qxd8+ Kxd8 13. Ne2 Bf5 14.
Bxb7 Bxb1 15. Rxb1 Na6 16. Bxa8 Nb8 17. O-O c6 18. Be3 c5 19. b4 Nc6 20. Bxc6
g4 21. bxc5 dxc5 22. Bxc5 Rg6 23. Bg2 Rg5 24. Bxa7 Re5 25. Rfe1 f5 26. c5 f4
27. Nxf4 Rxe1+ 28. Rxe1 Kd7 29. c6+ Kd6 30. Bb8+ Kc5 31. c7 Kd6 32. c8=Q# 1-0